Science Quiz

Random Science or Europe Quiz
Score 0/16 Timer 03:00
0 Plays Today
% Correct
Newton
UK
92%
Aristotle
Greece
91.1%
Pascal
France
86.8%
Fermi
Italy
86%
Mendeleev
Russia
83.6%
van Leeuwenhoek
Netherlands
78%
Planck
Germany
77%
Linnaeus
Sweden
63.6%
% Correct
Copernicus
Poland
61%
Boyle
Ireland
58.9%
Bohr
Denmark
52.7%
Schrödinger
Austria
43.6%
Tesla
Croatia
43.1%
von Neumann
Hungary
42%
Jung
Switzerland
38.4%
Mach
Czechia
36.2%
Remove Ads.
Support Sporcle.
Get the best of Sporcle when you Go Orange. This ad-free experience offers more features, more stats, and more fun while also helping to support Sporcle. Thank you for becoming a member.

You're not logged in!

Compare scores with friends on all Sporcle quizzes.
OR
Log In

Show Comments

Extras

Top Quizzes Today


Score Distribution

Your Account Isn't Verified!

In order to create a playlist on Sporcle, you need to verify the email address you used during registration. Go to your Sporcle Settings to finish the process.

Report this User

Report this user for behavior that violates our Community Guidelines.

Details: